[Event "47th GER-ch Blitz 2020"]
[Site "Magdeburg"]
[Date "2020.08.15"]
[Round "16.13"]
[White "Ehmann, Thilo"]
[Black "Dobrikov, Marco"]
[Result "0-1"]
[WhiteElo "2329"]
[BlackElo "2290"]
[Annotator "TA"]
[PlyCount "74"]
[EventDate "2020.07.28"]
[EventType "tourn"]
[EventCountry "GER"]
[SourceTitle "playchess.com"]
[Source "ChessBase"]
[SourceQuality "1"]

{[%evp 16,73,0,0,18,18,25,0,0,0,8,-16,0,0,0,0,0,-12,53,-14,38,16,22,7,0,0,43,37,121,119,108,94,97,97,175,110,109,54,135,97,122,0,299,299,275,118,335,77,85,91,335,-154,504,-29992,-29993,-29995,-29996,-29998,-29962,-29999]} 1. g3 d5 2. Bg2 Nf6 3. c4 c6 4. d4 Bf5 5. Nc3 e6 6. Nf3 h6 7. O-O Be7 8. Qb3 {The main line 8.Qb3 scores better than 8.Nd2.} Qb6 9. c5 Qc7 {D11: Slav Defence: 3 Nf3 sidelines and 3...Nf6 4 e3 Bg4.} 10. Bf4 Qc8 11. Qd1 Nbd7 {The position is equal.} 12. b4 O-O {[#]} 13. h3 $146 ({Predecessor:} 13. a4 Bd8 14. b5 Bc7 15. Qb3 Re8 16. e3 e5 17. Nxe5 Nxe5 18. Bxe5 Bxe5 19. dxe5 Rxe5 {0-1 (36) Gajewski,G (2618)-Sasikiran,K (2647) chess.com INT 2020}) 13... Ne4 (13... a5 {looks sharper.} 14. a3 b6 15. Qd2 Rd8 16. g4 Bg6) 14. Nxe4 Bxe4 15. a4 f6 16. Re1 Bd8 (16... e5 $11 17. dxe5 Bxf3 18. exf3 fxe5) 17. h4 (17. Bd6 $14) 17... Bc7 (17... e5 $11 18. Bd2 (18. dxe5 fxe5 19. Bd2 Bc7 $15) 18... Bc7) 18. Bxc7 Qxc7 19. Bh3 Rae8 20. Nd2 Bh7 21. e4 e5 ({Black should play} 21... Bxe4 $14 22. Nxe4 dxe4) 22. exd5 $16 cxd5 23. Qb3 Kh8 24. Qxd5 Rd8 (24... Nb8 $16) 25. Bg2 (25. Qd6 $18 Qxd6 26. cxd6) 25... b6 {next ...Nxc5 is good for Black.} 26. cxb6 ({White should try} 26. Qd6 $16 Qxd6 27. cxd6) 26... Nxb6 (26... Qxb6 $14 27. b5 Bg8) 27. Qc5 $36 {[%mdl 2048] White has strong initiative.} Qd7 {[%mdl 64] [#] Double Attack} 28. a5 (28. b5 $16) 28... Nd5 $2 {[%mdl 8192]} (28... Rc8 $1 $11 29. Bc6 Qxc6 30. Qxc6 (30. axb6 axb6 31. Qxc6 Rxc6 $11) 30... Rxc6 31. axb6 axb6) 29. dxe5 $18 fxe5 30. Rxe5 (30. Nc4 $18 {and White stays clearly on top.} e4 31. Bxe4) 30... Nf6 $2 (30... Nxb4 $16 {keeps fighting.} 31. Qxb4 Qxd2 32. Qxd2 Rxd2) 31. Ne4 $2 {[#]} (31. Nf3 $18 {has better winning chances.}) 31... Bxe4 $16 32. Bxe4 {Bf5 is the strong threat.} Qd2 $2 (32... Rc8 $16 33. Re7 Rxc5 34. Rxd7 Re5 35. Rxa7 Nxe4) 33. Bg2 $2 ({Avoid the trap} 33. Qxa7 $2 Qc3 $19) (33. Bf5 $18) 33... Ng4 $2 (33... Nd7 $17 {stays on course.} 34. Rd5 Nxc5 35. Rxd2 Rxd2 36. bxc5 Rfxf2) 34. Re7 $4 {[%mdl 8192]} (34. Rd5 $18 Qb2 35. Rf1) 34... Rxf2 {Black mates.} 35. Bh3 Rh2 36. Rf1 Rxh3 {[%csl Gg4,Gh3][%cal Rd2h2]} 37. Qc7 Qh2# {What a bad dream for White. Accuracy: White = 46%, Black = 44%.} 0-1

[Event "47th GER-ch Blitz 2020"]
[Site "Magdeburg"]
[Date "2020.08.15"]
[Round "16.14"]
[White "Baskin, Robert"]
[Black "Zelbel, Patrick"]
[Result "1-0"]
[WhiteElo "2390"]
[BlackElo "2448"]
[Annotator "TA"]
[PlyCount "69"]
[EventDate "2020.07.28"]
[EventType "tourn"]
[EventCountry "GER"]
[SourceTitle "playchess.com"]
[Source "ChessBase"]
[SourceQuality "1"]

{[%evp 11,69,29,37,35,35,14,17,12,38,4,20,0,0,-2,0,0,0,0,32,27,29,21,26,22,36,0,150,166,153,149,150,58,64,49,62,53,65,65,53,-25,4,-34,97,6,195,193,199,188,29999,273,270,268,1078,1078,29979,29976,29994,29995,29995,29996]} 1. e4 d5 2. exd5 Qxd5 3. Nc3 Qa5 4. d4 Nf6 5. Nf3 Bf5 6. Bc4 e6 7. Bd2 {aiming for Nd5. B01: Scandinavian Defence.} Bb4 8. a3 Bxc3 $1 9. Bxc3 {The position is equal.} Qb6 10. O-O O-O 11. b3 Nc6 12. Bb2 {[#]} Rfd8 $146 ({Predecessor:} 12... Rad8 13. h3 Be4 14. Bd3 Bxd3 15. Qxd3 e5 16. Qc4 e4 17. Ne5 Nxd4 18. Rad1 c5 {0-1 (44) Codenotti,M (2262)-Borgo,G (2401) Spoleto 2011}) 13. Qe2 Bg4 {[%cal Rc6d4]} 14. Rad1 Rd7 15. h3 $36 {[%mdl 2048] White has good play.} Bxf3 16. Qxf3 Rad8 {[%cal Rc6d4]} 17. d5 Nxd5 18. Qg3 {[%csl Gb2][%cal Rg3g7]} (18. Qg4 $5 {[%cal Rg4g7]} g6 19. Rfe1 $14) 18... f6 ({Black should play} 18... g6 $11) 19. Bxd5 $1 $16 exd5 20. Bxf6 $1 Rf8 {[#]} 21. Bb2 (21. Rxd5 $1 $16 {[%mdl 512]} Rdf7 (21... Rxd5 22. Qxg7#) 22. Bb2) 21... Qc5 $14 22. Rd2 d4 23. Rfd1 a5 24. c3 Rd6 25. c4 (25. cxd4 $14 Qd5 26. Qc3) 25... Rfd8 26. Qg4 Rg6 (26... a4 $15 {stays ahead.}) 27. Qe4 (27. Bxd4 $16 Rxd4 28. Qc8+ {[%mdl 64] Double Attack} Qf8 29. Qxf8+ Kxf8 30. Rxd4 Nxd4 31. Rxd4) 27... Qg5 $2 {Loses the game.} (27... Rgd6 $11 {and Black has nothing to worry.}) 28. Bxd4 $18 Nxd4 29. Rxd4 Rxd4 $2 {[#]} (29... Rf8 $18 30. Rd7 (30. Qxb7 c6 $16) 30... Qf6) 30. Rxd4 $2 {KQR-KQR} (30. Qe8# {mates}) 30... h6 31. g3 c6 $2 (31... Rb6 32. Rd5 Qg6 33. Qxg6 Rxg6 34. Rxa5 Rc6) 32. h4 Qc1+ 33. Kg2 {White mates.} Rf6 34. Rd8+ Rf8 35. Qe6+ {Accuracy: White = 71%, Black = 52%.} 1-0

[Event "47th GER-ch Blitz 2020"]
[Site "Magdeburg"]
[Date "2020.08.15"]
[Round "16.15"]
[White "Barzen, Pascal"]
[Black "Wichmann, Cliff"]
[Result "0-1"]
[WhiteElo "2321"]
[BlackElo "2305"]
[Annotator "TA"]
[PlyCount "74"]
[EventDate "2020.07.28"]
[EventType "tourn"]
[EventCountry "GER"]
[SourceTitle "playchess.com"]
[Source "ChessBase"]
[SourceQuality "1"]

{[%evp 14,74,14,-1,0,-27,54,0,0,0,0,0,0,-31,0,0,0,-104,-107,-126,-123,-113,-102,-107,-41,-26,0,0,177,-39,0,-60,-70,-127,-120,-404,-392,-387,-354,-627,-641,-700,-698,-837,-843,-1042,-1000,-925,-918,-2109,-2077,-29986,-2139,-1534,-1412,-1344,-1368,-29985,-1289,-1374,-1387,-1197,-1100]} 1. e4 e6 2. d4 d5 3. e5 c5 4. c3 Nc6 5. Nf3 Bd7 6. a3 f6 7. Bd3 (7. b4 fxe5 8. dxe5 Qc7 9. Bf4 O-O-O 10. h4 Nh6 11. Nbd2 Nf7 12. Qe2 g6 13. b5 Na5 14. a4 Bg7 15. g3 h6 16. Bg2 Rdf8 17. O-O g5 18. hxg5 hxg5 19. Nxg5 Nxg5 20. Bxg5 Bxe5 {0-1 (38) Barzen,P (2292)-Wichmann,C (2280) Magdeburg 2019}) 7... fxe5 8. dxe5 Qc7 {C02: French: Advance Variation.} 9. Bf4 g6 (9... c4 $11 10. Bc2 g6) 10. O-O (10. c4 $1 $14) 10... Bg7 {The position is equal.} 11. Re1 Nge7 12. c4 O-O {[#]} 13. Bg3 $146 ({Predecessor:} 13. g3 dxc4 14. Bxc4 Nf5 15. Nc3 Ncd4 16. Nxd4 cxd4 17. Bb5 Rad8 18. Bxd7 Rxd7 19. Ne4 {0-1 (39) Kovac,M (2109)-Zorko,J (2070) Ptuj 2002}) 13... Rad8 14. cxd5 Nxd5 15. Qc2 {[#]} (15. Nc3 $11 {remains equal.} Nxc3 16. bxc3) 15... Rxf3 $1 $17 {[%mdl 512]} 16. gxf3 Nd4 $36 {[%mdl 2048] Keeping White busy.} ({Avoid the trap} 16... Nxe5 $2 17. Qe2 $18) 17. Qd1 Bc6 {[%mdl 1024] Strongly threatening ...Nf4! Black has strong compensation.} 18. Nd2 Rf8 (18... Bh6 $17 {aiming for ...Bxd2.} 19. Be4 Nf4 20. Bxc6 Qxc6 21. Bxf4 Bxf4) 19. Be4 $15 Nf4 20. Rc1 Bb5 $2 (20... b6 $11) 21. Nc4 $2 ({White has to play} 21. Bxf4 $1 $18 Rxf4 22. Nb3 Nxb3 23. Qxb3 {[%mdl 64] Double Attack}) 21... Qe7 22. h4 (22. Kh1 $11) 22... Bh6 {And now ...Nfe2+! would win.} 23. Kh2 (23. Rc3 $15) 23... Nfe2 $1 $17 {[%cal Re2c1][%mdl 64] Discovered Attack} 24. Nd6 $2 {[%mdl 8192] White does not recover from this.} (24. Rxe2 $17 Nxe2 25. Rc2) 24... Nxc1 $19 25. Nxb5 Nxb5 26. Qc2 $2 (26. Re3) 26... Nd4 {[%mdl 64] Double Attack} 27. Qc4 b5 28. Qf1 Ncb3 29. Qg2 Nd2 30. Kh1 N4xf3 31. Rd1 Nxe4 32. h5 Nxg3+ (32... Rf5 $142 33. Qh3 Rxh5 34. Kg2 Rxh3 35. Kxh3 Qg5 36. b4 Nxe5 37. Kg2 c4 38. a4 Nd3 $1 {[%mdl 512]} 39. a5 Ndxf2 40. Rd7 Qxg3+ 41. Kf1 Nd2+ 42. Rxd2 Bxd2 43. Ke2 Ne4 44. Kd1 Qf3+ 45. Kc2 Qb3#) 33. Qxg3 Qh4+ 34. Qxh4 Nxh4 35. Rd6 Re8 (35... Rxf2 $142 36. Rd8+ {[#]} Kf7 $1 {[%mdl 512]} 37. Rd7+ Ke8 38. Rd3 Nf3 39. Rxf3 Rxf3 40. Kg2 Rb3 41. Kh2 c4 42. hxg6 hxg6 43. a4 Rxb2+ 44. Kh3 c3 45. Kh4 c2 46. Kh3 c1=Q 47. axb5 Qg1 48. Kh4 Rh2#) 36. hxg6 hxg6 37. Rd7 a5 {Accuracy: White = 42%, Black = 62%.} 0-1

[Event "47th GER-ch Blitz 2020"]
[Site "Magdeburg"]
[Date "2020.08.15"]
[Round "17.1"]
[White "Wichmann, Cliff"]
[Black "Donchenko, Alexander"]
[Result "1/2-1/2"]
[WhiteElo "2305"]
[BlackElo "2646"]
[Annotator "TA"]
[PlyCount "102"]
[EventDate "2020.07.28"]
[EventType "tourn"]
[EventCountry "GER"]
[SourceTitle "playchess.com"]
[Source "ChessBase"]
[SourceQuality "1"]

{[%evp 16,102,62,58,64,47,50,41,52,54,60,55,47,37,56,29,47,38,75,77,70,74,77,79,72,73,74,84,139,133,302,103,151,96,132,0,72,35,112,85,88,36,22,22,23,40,179,122,130,108,244,220,214,0,80,20,28,0,0,0,0,0,0,0,0,0,0,0,0,0,0,0,0,0,0,0,0,0,0,0,0,0,0,0,0,0,0,0,0]} 1. d4 Nf6 2. c4 e6 3. Nf3 c5 4. d5 d6 5. Nc3 exd5 6. cxd5 g6 7. h3 a6 8. a4 Qe7 9. Bf4 Bg7 {A61: Modern Benoni: Nf3 without early e4.} 10. e3 O-O 11. Be2 Nbd7 {White is slightly better.} 12. O-O Rb8 13. Re1 Ne8 14. e4 Nc7 15. a5 Ne5 16. Qd2 Bd7 17. Nxe5 Bxe5 18. Bxe5 Qxe5 {[#]} 19. f4 $146 {[%mdl 2048] White is in control.} ({Predecessor:} 19. Rad1 g5 20. Bg4 Rbd8 21. Bxd7 Rxd7 22. Re3 Kh8 23. Rf3 h6 24. Rf5 Qg7 25. Re1 {0-1 (49) Koneru,H (2610)-Hou,Y (2606) Beijing 2012}) 19... Qd4+ 20. Qxd4 cxd4 21. Na4 Rfe8 (21... Na8 $142) 22. Nb6 $16 Bb5 $2 (22... Rbd8 $16 {keeps fighting.}) 23. Bf3 $2 (23. Bxb5 $18 {and the rest is easy.} Nxb5 24. Nd7) 23... f6 24. Rad1 (24. Rec1 $142 Na8 25. Nc4) 24... d3 25. g4 (25. b3 $16) 25... Rbd8 (25... Na8 $1 $11 {keeps the balance.}) 26. Bg2 Kg7 ({Better is} 26... Na8 $1 $14) 27. Bf1 f5 28. exf5 (28. Bxd3 $16 Bxd3 29. Rxd3) 28... Rxe1 $14 29. Rxe1 Re8 $1 {[%cal Re8e1]} 30. Rd1 Re3 (30... gxf5 $14 31. Bxd3 Bxd3 32. Rxd3 Re4) 31. Kf2 $18 Re4 32. Bxd3 Rxf4+ (32... Bxd3 $16 {is a better defense.} 33. Rxd3 Rxf4+ 34. Kg3 Re4) 33. Ke3 Rb4 34. Bxb5 $2 ({White should play} 34. Rc1 $18 Ne8 35. Bxb5 Rxb5 36. Rc8) 34... Rxb5 (34... Nxb5 $11 {remains equal.} 35. fxg6 Kxg6) 35. fxg6 (35. Rc1 $16 Nxd5+ 36. Nxd5 Rxd5 37. Rc7+ Kf6 38. Rxh7 (38. Rxb7 Rxa5 39. Rxh7 gxf5 $16) 38... gxf5 39. Rh6+ (39. Rxb7 fxg4 40. hxg4 Rxa5 $11) 39... Ke7 40. g5) 35... hxg6 $11 36. Rc1 Nxd5+ {The position is equal.} 37. Nxd5 Rxd5 {[%mdl 4096] Endgame KR-KR} 38. Rc7+ Kf6 39. Rxb7 {[#] Hoping for b4.} Rxa5 40. Ke4 g5 41. b4 Ra3 42. Kd5 Rxh3 43. Kxd6 Rg3 44. Kc5 Rxg4 {White should prevent ...Re4.} 45. Rb6+ Kf5 46. Rxa6 Rg1 47. b5 Rc1+ 48. Kd6 Rb1 49. b6 g4 {[#] ...g3 is the strong threat.} 50. Kc7 g3 {( -> ...g2)} 51. Ra8 g2 {Accuracy: White = 72%, Black = 64%.} 1/2-1/2

[Event "47th GER-ch Blitz 2020"]
[Site "Magdeburg"]
[Date "2020.08.15"]
[Round "17.2"]
[White "Zelbel, Patrick"]
[Black "Barzen, Pascal"]
[Result "0-1"]
[WhiteElo "2448"]
[BlackElo "2321"]
[Annotator "TA"]
[PlyCount "142"]
[EventDate "2020.07.28"]
[EventType "tourn"]
[EventCountry "GER"]
[SourceTitle "playchess.com"]
[Source "ChessBase"]
[SourceQuality "1"]

{[%evp 10,142,27,14,12,9,21,7,14,7,9,12,16,0,0,-26,-12,-42,-43,-41,-26,-24,0,0,0,-33,-27,-26,12,14,128,0,0,0,0,-58,72,63,72,0,12,-22,0,-49,2,-49,47,-16,0,0,0,0,24,0,0,0,0,0,0,0,14,0,0,0,95,101,92,92,110,93,91,0,0,0,0,0,0,0,0,0,0,-102,0,0,0,0,-4,-8,-8,0,0,0,0,0,0,-70,0,0,0,0,0,0,0,-172,0,0,4,4,17,-29970,-29971,-29971,-29973,-29973,-29974,-29974,-29975,-29976,-29977,-29979,-29980,-29980,-29978,-29979,-29979,-29979,-29980,-29979,-29980,-29980,-29981,-29981,-29982,-29983,-29983]} 1. e4 c6 2. Nc3 d5 3. Nf3 Bg4 4. h3 Bxf3 5. Qxf3 e6 6. Be2 Nf6 {B11: Caro-Kann: Two Knights Variation.} 7. O-O Be7 8. Rd1 {now supersedes 8.d3.} d4 {The position is equal.} 9. Nb1 O-O 10. d3 c5 {[#]} 11. Bf4 $146 ({Predecessor:} 11. h4 Nc6 12. Qh3 e5 13. c3 Rc8 14. Na3 Qd7 15. Qxd7 Nxd7 16. g3 Rfd8 17. Kg2 {1-0 (72) Grandelius,N (2651)-Shuvalova,P (2454) chess.com INT 2020}) 11... Nc6 12. Nd2 Nd7 13. c3 Bf6 14. Rac1 Qa5 {[%cal Rd4c3]} 15. Nc4 Qa6 16. Qg3 {next e5 is good for White.} e5 17. Bg5 Bxg5 18. Qxg5 b5 19. Nd6 Nd8 (19... Rad8 $11) 20. Nf5 (20. Qe7 $16) 20... Ne6 $11 21. Qg3 g6 $36 {[%mdl 2048] Black has good play.} 22. cxd4 (22. Ne7+ $11 Kh8 23. Qh4) 22... cxd4 (22... Kh8 $1 $15 {stays ahead.} 23. Nh4 Nxd4) 23. Ne7+ $16 Kh8 24. a3 (24. Qh4 $16) 24... Qd6 25. Nd5 (25. Qh4 $5 {[%cal Rc1c6]}) 25... Nb6 26. Nxb6 Nf4 (26... axb6 $15 27. Bg4 Nc5) 27. Bf1 ({White should play} 27. Bg4 $11 axb6 28. Qh4) 27... Qxb6 (27... axb6 $15 28. h4 Kg7) 28. Qg4 (28. Qg5 $14 f6 29. Qh6) 28... Qd6 29. g3 Ne6 $1 30. h4 h5 31. Qf3 Kg7 32. Bh3 Rfc8 33. Qe2 Rc6 (33... a5 {looks sharper.} 34. Qd2 Rxc1 35. Rxc1 Nc5 36. Qc2 Na4) 34. Rxc6 Qxc6 35. Bxe6 Qxe6 $11 {[%mdl 4096] Endgame KQR-KQR} 36. Rc1 Qb3 (36... Rc8 $11 {remains equal.} 37. Qd2 a6) 37. Qc2 $16 Qxc2 38. Rxc2 {KR-KR} Rb8 39. Rc7 a5 40. Ra7 (40. b3 $16) 40... a4 $11 41. Rc7 b4 {Threatens to win with ...bxa3.} 42. Rc4 bxa3 43. bxa3 Rb3 44. Rxa4 Rxd3 45. Kg2 {[#]} (45. Ra5 $11) 45... Rd2 (45... f5 $1 $17 {[%cal Rf5e4]} 46. Ra7+ Kf6 47. Ra6+ Kf7 48. Ra7+ Kf6 49. Ra6+ Kf7 50. Ra7+ Kf6) 46. Ra5 Kf6 47. Ra6+ Ke7 48. Ra7+ Ke6 49. Ra6+ Ke7 50. Ra7+ Kf8 51. Ra5 f6 52. Ra7 ({Better is} 52. Kf3 $11) 52... Ra2 (52... Re2 $1 $15 53. Kf3 Re1) 53. a4 Ra1 54. Kf3 f5 55. exf5 gxf5 56. Ra5 $2 {[#]} (56. Ke2 $11 {and White is okay.}) 56... e4+ $2 ({Black should try} 56... Re1 $1 $19 {White must now prevent ...d3.} 57. Rd5 Ke7) 57. Kf4 d3 {...d2 is the strong threat.} 58. Rxf5+ Kg7 {And now ...d2 would win.} 59. Kxe4 $2 {[%mdl 8192] Now White is beyond hope.} (59. Rd5 $11 Rxa4 60. Ke3 (60. Rxh5 $2 Rd4 $19)) 59... d2 {Black mates.} 60. Rg5+ Kh6 61. Rd5 d1=Q 62. Rxd1 Rxd1 {KR-KP} 63. f3 Ra1 64. Kf5 Rxa4 {KR-K3P} 65. g4 Ra5+ 66. Kf4 hxg4 67. fxg4 Kg6 68. Kf3 Ra4 69. Kg3 Kf6 70. Kf3 Ke5 71. Kg3 Ra3+ {Accuracy: White = 67%, Black = 77%.} 0-1

[Event "47th GER-ch Blitz 2020"]
[Site "Magdeburg"]
[Date "2020.08.15"]
[Round "17.3"]
[White "Dobrikov, Marco"]
[Black "Baskin, Robert"]
[Result "1/2-1/2"]
[WhiteElo "2290"]
[BlackElo "2390"]
[Annotator "TA"]
[PlyCount "161"]
[EventDate "2020.07.28"]
[EventType "tourn"]
[EventCountry "GER"]
[SourceTitle "playchess.com"]
[Source "ChessBase"]
[SourceQuality "1"]

{[%evp 28,161,12,0,19,28,39,38,27,31,39,31,38,2,0,-70,-17,-31,-31,-42,-9,-126,-88,-432,0,0,0,0,0,-80,35,-52,-53,-79,-30,-157,-149,-150,-145,-963,0,-106,0,-998,-989,-2295,-2200,-29983,-377,-420,-120,-1038,-1013,-948,-940,-721,-265,-265,-265,-441,-265,-335,-258,-258,-258,-354,-337,-299,-251,-251,-251,-251,-240,-251,-251,-251,0,-251,-251,-251,-198,-205,-205,-205,-198,-198,-198,-205,-198,-198,-198,-365,-272,-1622,-373,-351,-227,-452,-325,-1286,-445,-2122,0,-563,-325,-596,-541,-835,-309,-5065,-1058,-517,-517,-1472,-991,-29963,-29964,-29976,-29977,-29977,0,0,0,0,0,0,0,0,0,0,0,0,0,0,0,-29986]} 1. e4 c5 2. Nf3 Nc6 3. d4 cxd4 4. Nxd4 Nf6 5. Nc3 e5 6. Ndb5 d6 7. Bg5 a6 8. Na3 b5 9. Nd5 Be7 10. Bxf6 Bxf6 11. c3 Bg5 12. Nc2 Rb8 13. Be2 O-O 14. O-O a5 15. Nce3 Bxe3 {B33: Sicilian: Pelikan and Sveshnikov Variations.} 16. Nxe3 Ne7 17. Qd3 Qc7 {White is slightly better.} 18. Rfd1 {[#]} Rb6 $146 ({Predecessor:} 18... Rd8 19. Rd2 Be6 20. Bg4 Bxg4 21. Nxg4 d5 22. Rad1 h5 23. Ne3 d4 24. Nf5 g6 {1-0 (40) Almasi,Z (2663)-Illescas Cordoba,M (2600) Pamplona 1999}) 19. a4 bxa4 20. Qc2 (20. Qc4 $5 {[%cal Rc4c7]} Qb7 21. Qxa4 $11) 20... Be6 21. c4 (21. Rd2 $11) 21... Qb7 ({Better is} 21... Rfb8 $15 22. Rd2 Nc6 23. Qxa4 Nd4) 22. Qxa4 Rxb2 23. Bf3 Nc6 {...Rb4 is the strong threat.} 24. Rxd6 (24. Nf5 $1 $11 Ne7 25. Nxe7+ Qxe7 26. Qxa5) 24... Nd4 $17 25. Qxa5 $2 {[%mdl 8192]} (25. Bd1 $17) 25... Rb1+ $2 (25... Nb3 $19 26. Qxe5 Nxa1) 26. Rxb1 $11 Qxb1+ 27. Bd1 Qxe4 28. Qd2 (28. Rd8 $11 g6 29. h3) 28... Rb8 (28... h6 $17) 29. c5 (29. Nc2 $14) 29... g6 30. h3 Rb1 {And now ...Bxh3! would win.} 31. Kh2 (31. Nf1 $1 $11) 31... Qf4+ $1 $17 32. Kg1 Bb3 $36 {[%mdl 2048] White is under strong pressure.} 33. c6 $2 {[%mdl 8192]} (33. Qe1 $17) 33... Nxc6 $2 (33... Rxd1+ 34. Qxd1 Bxd1 35. c7 $15) (33... Bxd1 $1 $19 34. Qa2 Rc1) 34. g3 (34. Qd3 $11 {keeps the balance.} Rb2 35. Rxc6 (35. Bxb3 Qxf2+ 36. Kh2 Re2 $11) 35... Qxf2+ 36. Kh2 Qf4+ 37. Kh1 Bxd1 38. Qxd1 (38. Nxd1 $2 Rd2 $19)) 34... Qf3 ({Black should play} 34... Qe4 $17 35. Qd3 Bxd1 $1 {[%mdl 512]} 36. Nxd1 Qxd3 37. Rxd3 e4) 35. Kh2 $2 {[%mdl 8192]} (35. Qd3 $11 Rc1 36. Qxb3) 35... Bxd1 $19 36. Nxd1 Nd4 37. Qh6 Rb8 $2 (37... Qa8 38. Rxd4 exd4 39. Qf4 Rxd1 40. g4 h6 $1 {[%mdl 512]} 41. Qf6 Qh1+ 42. Kg3 g5 43. Qd8+ Kh7 44. Qh8+ Kxh8 45. f4 Rg1+ 46. Kf2 Qg2#) 38. Qd2 Kg7 $2 ({Much less strong is} 38... Rb1 39. Rd8+ Kg7 40. Rxd4 $19) (38... h5 $19 39. h4 Ra8 40. Rxd4 exd4 41. Qxd4 Ra2 42. Qd8+ Kh7) 39. h4 $2 {[%mdl 8192]} (39. Qe3 $17 Rb5 40. Qxf3 Nxf3+ 41. Kg2) 39... Rb1 40. Rxd4 exd4 41. Qxd4+ {[%mdl 4096] Endgame KQR-KQN} Qf6 $2 (41... f6 42. Qa7+ Kf8 43. Qxh7 Rxd1 44. Qh8+ Ke7 45. Qg7+ Ke6 46. Qg8+ Kd7 47. Qf7+ Kc6 48. Qe8+ Kc5 49. Qe3+ Qxe3 50. fxe3 Kd5) 42. Qd2 h5 43. Kg2 $2 (43. Qd3 {keeps fighting.} Rc1 44. Qd5) 43... Rb6 44. Ne3 Rd6 45. Qc2 Qd4 46. Qe2 Qe4+ 47. Kh2 Rc6 48. Qb2+ Kh7 49. Qa2 Rf6 50. Kg1 Rf3 51. Qd2 Rf6 52. Qa2 $1 Re6 53. Qb3 f5 54. Qa2 Re7 55. Ng2 Qe6 56. Qb2 Qc6 57. Qd2 Rd7 58. Qe2 Qe4 59. Ne3 $2 (59. Qa6) 59... Rb7 60. f3 $2 (60. Qa2) 60... Qb1+ $2 (60... Qd4 61. Kh1 Re7 $1 {[%mdl 512]}) 61. Nf1 Qb6+ 62. Kh1 $2 (62. Kg2) 62... Qf6 63. Nd2 $2 (63. Qc4) 63... Rb2 (63... f4 $142 64. Nf1 fxg3 65. Nxg3 Rb1+ 66. Nf1 Rb3) 64. Qd3 (64. Qe3 $142) 64... Rb7 $2 (64... f4 $19 65. Kg2 Qe6) 65. Kg2 $2 {[%mdl 8192]} (65. Qe2 $1 $11 f4 66. Nf1) 65... Qe6 {White must now prevent ...Rd7!} 66. Kf2 $2 {[#]} (66. Qd4) 66... Rd7 $1 67. Qc3 Qb6+ $2 (67... Qa2 68. Ke2 Re7+ 69. Kd1 Qe6) 68. Kf1 $2 (68. Kg2) 68... Qd4 (68... Qd6 $142 69. Ke2 Qxg3) 69. Qxd4 Rxd4 {KR-KN} 70. Ke2 (70. Nb3 $142 Rd3 {[%mdl 64] Double Attack} 71. Nc5 Rxf3+ 72. Kg2) 70... f4 71. g4 {[#]} g5 $1 72. hxg5 h4 73. Ne4 {[#]} Rxe4+ $2 (73... h3 $1 {mates} 74. Nf2 h2 75. Nh1 Rb4 76. Kd3 Rb1 77. Nf2 Rf1 78. Ne4 h1=Q 79. Nf6+ {[#]} Kg6 $1 {[%mdl 512]} 80. Kd4 Qxf3 81. Kc5 Rc1+ 82. Kd6 Rd1+ 83. Nd5 Qxd5+ {[%mdl 64] Double Attack} 84. Kc7 Rb1 85. Kc8 Qf7 86. Kd8 Rb8#) 74. fxe4 $11 {K3P-KPP. The position is equal.} h3 75. Kf3 Kg6 76. e5 Kxg5 77. Kf2 Kg6 78. Kf3 Kf7 {( -> ...Ke6)} (78... Kg5 $5) 79. g5 Kg6 (79... Kf8 $5) 80. e6 Kg7 $1 81. Ke4 $2 {[%mdl 40960] Accuracy: White = 33%, Black = 53%. . An unexpected result.} (81. Kf2 $11) 1/2-1/2